[Event "Ontario Closed"]
[Site "Toronto CAN"]
[Date "2023.06.30"]
[Round "1.17"]
[White "Yang, Larry"]
[Black "Pollitt, Henry"]
[Result "1/2-1/2"]
[WhiteElo "1955"]
[BlackElo "1233"]
[PlyCount "70"]
[EventDate "2023.06.30"]
[EventType "swiss"]
[EventRounds "7"]
[EventCountry "CAN"]

1. e4 e6 2. d4 d5 3. e5 c5 4. c3 Nc6 5. Nf3 Qb6 6. Be2 Nge7 7. Na3 Bd7 8. dxc5
Qxc5 9. Be3 Qa5 10. Nc2 Ng6 11. Bd4 Qc7 12. O-O Ngxe5 13. Nxe5 Nxe5 14. Re1 Nc6
15. Bf3 O-O-O 16. b4 f6 17. Ne3 Bd6 18. g3 Be5 19. b5 Na5 20. Rb1 b6 21. a4
Bxd4 22. Qxd4 Qc5 23. Qd3 Kb8 24. Rec1 Bc8 25. Bg2 Bb7 26. Qe2 Rhe8 27. Qc2 h6
28. Qg6 Re7 29. Qg4 Nc4 30. Nxc4 Qxc4 31. Qxc4 dxc4 32. Rb4 Bxg2 33. Kxg2 Rd2
34. Kf3 Rd5 35. Rc2 Kc7 1/2-1/2

[Event "Ontario Closed"]
[Site "Toronto CAN"]
[Date "2023.06.30"]
[Round "1.18"]
[White "Uyanik, Mehmet"]
[Black "Joseph, Jonath"]
[Result "0-1"]
[WhiteElo "1219"]
[BlackElo "1939"]
[PlyCount "52"]
[EventDate "2023.06.30"]
[EventType "swiss"]
[EventRounds "7"]
[EventCountry "CAN"]

1. e4 e5 2. Nf3 Nc6 3. Bc4 Bc5 4. c3 Nf6 5. d3 d6 6. h3 h6 7. O-O a5 8. Be3
Bxe3 9. fxe3 O-O 10. Qe1 Be6 11. Nbd2 d5 12. exd5 Bxd5 13. Rd1 e4 14. Bxd5 Qxd5
15. dxe4 Nxe4 16. Nb3 Qe6 17. Nfd4 Nxd4 18. Rxd4 a4 19. Nc1 c5 20. Rd1 Rfd8 21.
Qh4 Nd2 22. Rfe1 Rd7 23. Re2 Nf3+ 24. gxf3 Rxd1+ 25. Re1 Qxe3+ 26. Qf2 Rxe1+
0-1

[Event "Ontario Closed"]
[Site "Toronto CAN"]
[Date "2023.06.30"]
[Round "1.19"]
[White "Singh, Mahip"]
[Black "Chen, Larry"]
[Result "1-0"]
[WhiteElo "1938"]
[BlackElo "1174"]
[PlyCount "47"]
[EventDate "2023.06.30"]
[EventType "swiss"]
[EventRounds "7"]
[EventCountry "CAN"]

1. e4 c6 2. d4 d5 3. exd5 cxd5 4. Bd3 Nc6 5. c3 Nf6 6. Bf4 e6 7. Nf3 Bd6 8.
Bxd6 Qxd6 9. O-O O-O 10. Re1 Qc7 11. Nbd2 a6 12. Rc1 b5 13. b4 Re8 14. Ne5 Nxe5
15. dxe5 Nd7 16. Nf3 Bb7 17. Nd4 h6 18. f4 Rac8 19. Kh1 Bc6 20. Re3 Qb6 21. Rg3
Re7 22. Qg4 f5 23. Bxf5 Nf8 24. Nxe6 1-0

[Event "Ontario Closed"]
[Site "Toronto CAN"]
[Date "2023.06.30"]
[Round "1.20"]
[White "Sivanandam, Adithya"]
[Black "Zhu, Chris"]
[Result "0-1"]
[WhiteElo "1120"]
[BlackElo "1906"]
[PlyCount "64"]
[EventDate "2023.06.30"]
[EventType "swiss"]
[EventRounds "7"]
[EventCountry "CAN"]

1. d4 d5 2. Bf4 Nf6 3. e3 e6 4. Nf3 c5 5. c3 Nc6 6. Nbd2 Be7 7. Bd3 O-O 8. O-O
Bd7 9. Ne5 Rc8 10. Qf3 c4 11. Bc2 b5 12. a3 a5 13. g4 g6 14. h4 h5 15. gxh5
Nxe5 16. Bxe5 Nxh5 17. Qg4 Bf6 18. Bxg6 fxg6 19. Qxg6+ Ng7 20. f4 Bxe5 21. fxe5
Qxh4 22. Rf6 Be8 23. Rxf8+ Kxf8 24. Rf1+ Kg8 25. Qg2 Qh6 26. Rf3 Bh5 27. Rh3
Rf8 28. Nf1 Rf5 29. Ng3 Qxe3+ 30. Kh1 Bf3 31. Nxf5 Bxg2+ 32. Kxg2 Qe2+ 0-1

[Event "Ontario Closed"]
[Site "Toronto CAN"]
[Date "2023.06.30"]
[Round "1.21"]
[White "Xu, Philip"]
[Black "Khamidov, Bek"]
[Result "1/2-1/2"]
[WhiteElo "1890"]
[BlackElo "1089"]
[PlyCount "73"]
[EventDate "2023.06.30"]
[EventType "swiss"]
[EventRounds "7"]
[EventCountry "CAN"]

1. c4 e5 2. Nc3 Nf6 3. Nf3 Nc6 4. e4 g6 5. d3 Bg7 6. g3 d6 7. Bg2 Nd4 8. Nxd4
exd4 9. Nd5 c6 10. Nxf6+ Qxf6 11. O-O O-O 12. b4 a5 13. bxa5 Rxa5 14. f4 Bd7
15. Bd2 Ra3 16. Bb4 Ra6 17. e5 Qf5 18. Bxd6 Rfa8 19. g4 Qxg4 20. Qd2 Bf8 21.
Bxf8 Rxf8 22. Qb2 c5 23. Kh1 Bc6 24. Bxc6 bxc6 25. Qg2 Qxg2+ 26. Kxg2 Ra3 27.
Rfd1 Rfa8 28. Rd2 Kf8 29. Kf3 Ke7 30. Ke4 f5+ 31. Kf3 Ke6 32. h3 R8a4 33. Kg2
Rc3 34. Rb1 Rb4 35. Ra1 Ra4 36. Rb1 Rb4 37. Ra1 1/2-1/2

[Event "Ontario Closed"]
[Site "Toronto CAN"]
[Date "2023.07.01"]
[Round "2.2"]
[White "Rek, Slava"]
[Black "Zhao, Jifan"]
[Result "0-1"]
[WhiteElo "2316"]
[BlackElo "1974"]
[PlyCount "145"]
[EventDate "2023.06.30"]
[EventType "swiss"]
[EventRounds "7"]
[EventCountry "CAN"]

1. Nf3 Nf6 2. g3 e6 3. Bg2 d5 4. d3 Be7 5. O-O O-O 6. Nbd2 b6 7. e4 Bb7 8. e5
Nfd7 9. Re1 c5 10. Nf1 Nc6 11. h4 Re8 12. N1h2 f6 13. exf6 Bxf6 14. Ng4 e5 15.
c3 Qc7 16. Ng5 Qd6 17. Ne3 Ne7 18. Qh5 Bxg5 19. hxg5 Bc6 20. Bd2 Rad8 21. Rad1
Nf8 22. Bc1 Qc7 23. Ng4 Neg6 24. Qh1 Rd6 25. Re2 Qc8 26. Ne3 d4 27. Nc4 Bxg2
28. Qxg2 Rdd8 29. Qf3 Qd7 30. cxd4 Qxd4 31. Qe4 b5 32. Qxd4 Rxd4 33. Na3 b4 34.
Nc2 Rd5 35. Ne3 Rd7 36. Nc4 Ree7 37. Re4 Rd8 38. Kg2 Nd7 39. Rde1 Kf7 40. b3
Kf8 41. Bb2 Nb6 42. Bxe5 Nxc4 43. dxc4 Rd2 44. Bb8 Rb7 45. Bf4 Nxf4+ 46. gxf4
Rxa2 47. f5 Kf7 48. Rh1 a5 49. Rxh7 a4 50. Re6 Re7 51. Rxg7+ Kxg7 52. Rxe7+ Kf8
53. f6 axb3 54. g6 Ra8 55. Rh7 Ke8 56. Rh8+ Kd7 57. Rxa8 b2 58. Ra7+ Kc6 59. f7
b1=Q 60. f8=Q Qxg6+ 61. Kf3 Qd3+ 62. Kg2 Qg6+ 63. Kh2 Qh5+ 64. Kg3 Qg5+ 65. Kf3
Qh5+ 66. Kf4 Qh4+ 67. Ke5 Qd4+ 68. Ke6 Qxc4+ 69. Ke7 Qh4+ 70. Ke8 Qh5+ 71. Kd8
Kb6 72. Rd7 Qe5 73. Kc8 0-1

[Event "Ontario Closed"]
[Site "Toronto CAN"]
[Date "2023.07.01"]
[Round "2.3"]
[White "Reshetar, Oleksandr"]
[Black "Barron, Michael"]
[Result "0-1"]
[WhiteElo "1978"]
[BlackElo "2266"]
[PlyCount "88"]
[EventDate "2023.06.30"]
[EventType "swiss"]
[EventRounds "7"]
[EventCountry "CAN"]

1. e4 e5 2. Nf3 Nc6 3. Bb5 a6 4. Ba4 Nf6 5. Bxc6 dxc6 6. d3 Qd6 7. Nbd2 Be6 8.
b3 Nd7 9. Bb2 f6 10. d4 O-O-O 11. Qe2 exd4 12. Nxd4 Bf7 13. Nf5 Qe6 14. f4 c5
15. O-O-O g6 16. Ne3 h5 17. Qf2 Bh6 18. h3 Rhe8 19. g4 Qd6 20. Rhf1 Qc6 21. Rg1
hxg4 22. hxg4 Be6 23. Rh1 Bf8 24. c4 g5 25. fxg5 fxg5 26. Nf3 Qxe4 27. Nxg5 Qg6
28. Nxe6 Rxe6 29. Nd5 Bh6+ 30. Rxh6 Qxh6+ 31. Qd2 Qxd2+ 32. Rxd2 c6 33. Nc3 Ne5
34. Ba3 Rxd2 35. Kxd2 b6 36. g5 Nf3+ 37. Kc2 Nxg5 38. Bc1 Ne4 39. Na4 b5 40.
Nb2 Nf2 41. Kc3 Re2 42. a3 a5 43. b4 cxb4+ 44. axb4 a4 0-1

[Event "Ontario Closed"]
[Site "Toronto CAN"]
[Date "2023.07.01"]
[Round "2.4"]
[White "Joseph, Jonath"]
[Black "Campbell, Ryan"]
[Result "0-1"]
[WhiteElo "1939"]
[BlackElo "2181"]
[PlyCount "96"]
[EventDate "2023.06.30"]
[EventType "swiss"]
[EventRounds "7"]
[EventCountry "CAN"]

1. Nf3 d5 2. b3 Nf6 3. Bb2 e6 4. e3 Be7 5. Be2 b6 6. d4 O-O 7. O-O Bb7 8. Nbd2
c5 9. c4 Nc6 10. Rc1 Rc8 11. Qc2 dxc4 12. bxc4 Qc7 13. dxc5 bxc5 14. Nb3 Nb4
15. Qb1 Be4 16. Qa1 Nc2 17. Rxc2 Bxc2 18. Nbd2 Rfd8 19. Qc1 Bg6 20. Qc3 Rb8 21.
Ne5 Bd6 22. Ng4 Ne8 23. Nf3 Qb7 24. Ba1 Qb4 25. Nfe5 Qxc3 26. Bxc3 Be4 27. Bd1
h5 28. f3 hxg4 29. fxe4 Bxe5 30. Bxe5 Rb1 31. Ba4 Rxf1+ 32. Kxf1 Kf8 33. Ke2
Nd6 34. Bxd6+ Rxd6 35. e5 Rd8 36. Bb3 Kg8 37. Kf2 Rd2+ 38. Kg3 Kh7 39. Kxg4
Rxg2+ 40. Kh3 Re2 41. e4 Kh6 42. Kg3 Rxe4 43. a4 Rxe5 44. Bd1 Re3+ 45. Bf3
Rxf3+ 46. Kxf3 f6 47. Kf4 Kh5 48. a5 a6 0-1

[Event "Ontario Closed"]
[Site "Toronto CAN"]
[Date "2023.07.01"]
[Round "2.5"]
[White "Zhu, Charis"]
[Black "Qian, Eric"]
[Result "0-1"]
[WhiteElo "1906"]
[BlackElo "2157"]
[PlyCount "72"]
[EventDate "2023.06.30"]
[EventType "swiss"]
[EventRounds "7"]
[EventCountry "CAN"]

1. d4 d5 2. c4 e6 3. Nc3 Nf6 4. cxd5 exd5 5. Bg5 c6 6. Nf3 Be7 7. e3 Nbd7 8.
Bd3 h6 9. Bh4 Nh5 10. Bxe7 Qxe7 11. O-O O-O 12. a3 Nb6 13. Ne5 Nf6 14. b4 a6
15. Qb3 Be6 16. a4 Nfd7 17. f4 Nxe5 18. fxe5 f6 19. exf6 Rxf6 20. Rxf6 Qxf6 21.
Rf1 Qg5 22. Rf4 Re8 23. Qc2 Qe7 24. Qb1 Bf7 25. e4 dxe4 26. Bxe4 Nc4 27. Bh7+
Kh8 28. Re4 Qf6 29. Rxe8+ Bxe8 30. Qe4 Nd6 31. Qd3 g6 32. Ne4 Qf5 33. Qb3 Nf7
34. Nd6 Qd7 35. Qe3 Nxd6 36. Qxh6 Nf5 0-1

[Event "Ontario Closed"]
[Site "Toronto CAN"]
[Date "2023.07.01"]
[Round "2.6"]
[White "Laughlin, Braden"]
[Black "Singh, Mahip"]
[Result "0-1"]
[WhiteElo "2117"]
[BlackElo "1938"]
[PlyCount "76"]
[EventDate "2023.06.30"]
[EventType "swiss"]
[EventRounds "7"]
[EventCountry "CAN"]

1. e4 e5 2. Nf3 Nc6 3. Bb5 Nf6 4. O-O Nxe4 5. d4 Nd6 6. Bxc6 dxc6 7. dxe5 Nf5
8. Qxd8+ Kxd8 9. Nc3 Ke8 10. h3 h5 11. Bf4 Be6 12. Rfd1 Be7 13. Ng5 Rh6 14. g3
Bxg5 15. Bxg5 Rg6 16. Bf4 Ne7 17. h4 Bf5 18. Rd2 Re6 19. Re1 Ng6 20. Re3 Rd8
21. Rxd8+ Kxd8 22. Ne4 Bxe4 23. Rxe4 c5 24. Re3 Kd7 25. Kg2 Ra6 26. a3 Ke6 27.
Kf3 Ne7 28. Rb3 b6 29. Rd3 Nc6 30. c3 Ra4 31. Re3 Na5 32. Re2 Nb3 33. Re4 c4
34. Be3 Na5 35. g4 hxg4+ 36. Rxg4 g6 37. Ke4 Nc6 38. h5 Nxe5 0-1

[Event "Ontario Closed"]
[Site "Toronto CAN"]
[Date "2023.07.01"]
[Round "2.7"]
[White "Velasquez, Noah"]
[Black "Fradkin, Benjamin"]
[Result "1/2-1/2"]
[WhiteElo "1424"]
[BlackElo "2041"]
[PlyCount "124"]
[EventDate "2023.06.30"]
[EventType "swiss"]
[EventRounds "7"]
[EventCountry "CAN"]

1. e4 c6 2. Nf3 d5 3. d3 dxe4 4. Ng5 Bf5 5. Nxe4 Bxe4 6. dxe4 Qxd1+ 7. Kxd1 Nf6
8. f3 e6 9. Be3 Nbd7 10. c3 Bc5 11. Bxc5 Nxc5 12. Kc2 a5 13. a4 O-O 14. Be2
Rfb8 15. Nd2 b5 16. axb5 cxb5 17. Nb3 Nxb3 18. Kxb3 Nd7 19. Kc2 Nc5 20. Rhd1
Kf8 21. Rd6 a4 22. Rc6 Nb3 23. Rd1 Rd8 24. Rcd6 Rxd6 25. Rxd6 b4 26. Bc4 Na5
27. Bb5 a3 28. bxa3 b3+ 29. Kb2 Rb8 30. Be2 Ke7 31. Ra6 Rd8 32. Rxa5 Rd2+ 33.
Kxb3 Rxe2 34. Ra7+ Kf6 35. c4 Rxg2 36. c5 Rf2 37. c6 Rxf3+ 38. Kb4 Rf1 39. Ra5
Ke7 40. Rc5 Kd8 41. c7+ Kc8 42. Kb5 f5 43. e5 Rb1+ 44. Kc6 Rb7 45. Kd6 Rb6+ 46.
Ke7 g5 47. Kf6 g4 48. Rc4 h5 49. a4 h4 50. h3 g3 51. Rxh4 Kxc7 52. Rh7+ Kb8 53.
Rg7 f4 54. Rg4 Rb4 55. Kxe6 Rxa4 56. Kf5 Kc7 57. h4 f3 58. Rxg3 Rxh4 59. Rxf3
Kd7 60. Re3 Ke7 61. Ra3 Rh5+ 62. Ke4 Rh1 1/2-1/2

[Event "Ontario Closed"]
[Site "Toronto CAN"]
[Date "2023.07.01"]
[Round "2.8"]
[White "Bordas, Gyula"]
[Black "Lin, Austin"]
[Result "1-0"]
[WhiteElo "2012"]
[BlackElo "1246"]
[PlyCount "117"]
[EventDate "2023.06.30"]
[EventType "swiss"]
[EventRounds "7"]
[EventCountry "CAN"]

1. e4 c6 2. d4 d5 3. Nc3 dxe4 4. Nxe4 e6 5. Nf3 Nd7 6. Bc4 Ngf6 7. Ng3 Bd6 8.
Qe2 O-O 9. O-O h6 10. Re1 Re8 11. Ne5 Nb6 12. Bd3 Bc7 13. c3 Nbd7 14. f4 Nxe5
15. fxe5 Nd5 16. Qe4 f5 17. exf6 Nxf6 18. Qg6 Bxg3 19. hxg3 Rf8 20. Bxh6 Rf7
21. Bg5 b6 22. Rf1 Bd7 23. Rxf6 Rxf6 24. Qh7+ Kf8 25. Bxf6 gxf6 26. Rf1 Rc8 27.
Bg6 Be8 28. Qh8+ Ke7 29. Qxf6+ Kd7 30. Qxd8+ Rxd8 31. Bxe8+ Rxe8 32. Rf7+ Kd6
33. Rxa7 Rg8 34. Rf7 Rxg3 35. Rf3 Rg5 36. Re3 Ra5 37. a3 Rb5 38. b4 Rg5 39. a4
b5 40. a5 Rg8 41. Kf2 Rg7 42. g3 Rg8 43. Kf3 Rc8 44. g4 Rf8+ 45. Ke4 Rg8 46.
Rg3 Rg5 47. Kf4 Rg6 48. g5 Kd5 49. a6 Rg7 50. g6 Kc4 51. Ke5 Kb3 52. Kf6 Ra7
53. g7 Rxa6 54. g8=Q Ra1 55. Qxe6+ Kc2 56. c4 Rf1+ 57. Ke7 Kd1 58. cxb5 cxb5
59. Qa2 1-0

[Event "Ontario Closed"]
[Site "Toronto CAN"]
[Date "2023.07.01"]
[Round "2.9"]
[White "Zuniga, Dante"]
[Black "Xu, Ryan"]
[Result "1-0"]
[WhiteElo "2263"]
[BlackElo "1761"]
[PlyCount "127"]
[EventDate "2023.06.30"]
[EventType "swiss"]
[EventRounds "7"]
[EventCountry "CAN"]

1. d4 d5 2. c4 c6 3. cxd5 cxd5 4. Bf4 Bf5 5. Nc3 Nc6 6. e3 e6 7. Qb3 Bb4 8. Nf3
Nf6 9. Be2 O-O 10. O-O Qe7 11. Rfc1 Rfc8 12. a3 Bxc3 13. Qxc3 Ne4 14. Qe1 g5
15. Bg3 Nxg3 16. hxg3 h6 17. b4 a6 18. Rc5 Kg7 19. Rac1 f6 20. R1c3 Qd7 21. Qc1
Kf8 22. b5 axb5 23. Bxb5 Rab8 24. Nd2 e5 25. dxe5 fxe5 26. Bxc6 bxc6 27. Rxc6
Rxc6 28. Rxc6 Rc8 29. Qc5+ Kg7 30. Rxc8 Qxc8 31. Qxd5 Qc1+ 32. Kh2 Qxa3 33.
Qxe5+ Kg6 34. Qe8+ Kg7 35. Nf3 Qd6 36. Qe5+ Qxe5 37. Nxe5 Kf6 38. Nf3 Be4 39.
g4 Bd5 40. Nd2 Ke5 41. f3 Bc6 42. Kg3 Bd5 43. Kf2 Be6 44. Ne4 Bd5 45. Ng3 Be6
46. Nf5 Bxf5 47. gxf5 Kxf5 48. g4+ Ke5 49. Ke2 Kd5 50. Kd2 Kd6 51. Kd3 Ke5 52.
Kc4 Ke6 53. Kd4 Kd6 54. e4 Ke6 55. e5 Ke7 56. Kd5 Kd7 57. e6+ Ke7 58. Ke5 Ke8
59. Kf6 Kf8 60. e7+ Ke8 61. Ke6 h5 62. gxh5 g4 63. h6 gxf3 64. h7 1-0

[Event "Ontario Closed"]
[Site "Toronto CAN"]
[Date "2023.07.01"]
[Round "2.10"]
[White "Malakhovets, Sergey"]
[Black "O'Neil, Michael"]
[Result "1/2-1/2"]
[WhiteElo "2185"]
[BlackElo "1688"]
[PlyCount "74"]
[EventDate "2023.06.30"]
[EventType "swiss"]
[EventRounds "7"]
[EventCountry "CAN"]

1. d4 d5 2. Nf3 Nf6 3. Bf4 c5 4. e3 Nc6 5. c3 Qb6 6. Qc2 Bg4 7. dxc5 Qxc5 8.
Nbd2 e6 9. Qb3 Qb6 10. Qxb6 axb6 11. Bb5 Nd7 12. h3 Bxf3 13. Nxf3 Be7 14. Ne5
Ndxe5 15. Bxe5 O-O 16. Bc7 Bd8 17. Bd6 Re8 18. O-O Be7 19. Bc7 Bd8 20. Bg3 Rc8
21. Rac1 Bc7 22. Bxc7 Rxc7 23. c4 dxc4 24. Rxc4 Rd8 25. Rfc1 Rdc8 26. b4 Kf8
27. Ba4 b5 28. Bxb5 Ke7 29. a4 Kd6 30. f4 Nxb4 31. Rd1+ Nd5 32. Rcd4 f5 33. e4
fxe4 34. Rxe4 Rc1 35. Red4 Rxd1+ 36. Rxd1 Rc3 37. Kf2 g6 1/2-1/2

[Event "Ontario Closed"]
[Site "Toronto CAN"]
[Date "2023.07.01"]
[Round "2.11"]
[White "Ning, Eric"]
[Black "Schyngera, Eli"]
[Result "1-0"]
[WhiteElo "2163"]
[BlackElo "1551"]
[PlyCount "111"]
[EventDate "2023.06.30"]
[EventType "swiss"]
[EventRounds "7"]
[EventCountry "CAN"]

1. d4 Nf6 2. c4 g6 3. f3 Bg7 4. e4 d6 5. Nc3 O-O 6. Be3 c5 7. dxc5 dxc5 8. Qxd8
Rxd8 9. Bxc5 Nc6 10. Be3 Nb4 11. Rc1 Be6 12. Kf2 Nd7 13. a3 Nc6 14. b4 a5 15.
b5 Nd4 16. Nd5 Bxd5 17. exd5 Nc5 18. Nh3 Ncb3 19. Rb1 a4 20. Bd3 e6 21. dxe6
Nxe6 22. Be4 Rd7 23. Rhd1 Rad8 24. Bd5 Nc7 25. Bb6 Rb8 26. Nf4 Bf8 27. Ne2 Nxd5
28. cxd5 Bxa3 29. Nc3 Bc5+ 30. Bxc5 Nxc5 31. Ne4 Nxe4+ 32. fxe4 f6 33. Ke3 Kf7
34. Kd4 Re8 35. g4 Kg7 36. Ra1 Ra8 37. g5 fxg5 38. e5 Rad8 39. d6 a3 40. Rd3 a2
41. Rxa2 h5 42. Kd5 g4 43. Ra7 g5 44. Rc3 Kg6 45. b6 h4 46. Ke6 Kh5 47. Rc7
Rxc7 48. bxc7 Rf8 49. d7 g3 50. hxg3 hxg3 51. d8=Q Rxd8 52. cxd8=Q g2 53. Ra1
b5 54. Rg1 b4 55. Rxg2 b3 56. Qxg5# 1-0

[Event "Ontario Closed"]
[Site "Toronto CAN"]
[Date "2023.07.01"]
[Round "2.12"]
[White "Moses, Neil"]
[Black "Ugodnikov, Arkadiy"]
[Result "1-0"]
[WhiteElo "2029"]
[BlackElo "1593"]
[PlyCount "137"]
[EventDate "2023.06.30"]
[EventType "swiss"]
[EventRounds "7"]
[EventCountry "CAN"]

1. e4 e5 2. Nf3 Nc6 3. Bb5 a6 4. Ba4 Nf6 5. O-O Be7 6. d3 d6 7. c3 O-O 8. Re1
b5 9. Bb3 Na5 10. Bc2 c5 11. h3 Qc7 12. b4 cxb4 13. cxb4 Nc6 14. a3 Bd7 15. Bb2
Rfc8 16. Bb3 a5 17. Nc3 Rab8 18. Rc1 Qd8 19. bxa5 Nxa5 20. Ba2 b4 21. axb4 Rxb4
22. Ba3 Rbb8 23. d4 exd4 24. Qxd4 Nc6 25. Qd2 Qf8 26. Ng5 Be8 27. Red1 h6 28.
Nf3 Rd8 29. Nd4 Nxd4 30. Qxd4 Ra8 31. Bb4 d5 32. Bxe7 Qxe7 33. Nxd5 Nxd5 34.
Bxd5 Rab8 35. Rc3 Kh8 36. Rdc1 Qb4 37. Qe5 Qd6 38. Qf5 Qd7 39. Qf3 Rbc8 40. Bc6
Qe6 41. Bb7 Rxc3 42. Rxc3 Qb6 43. Bd5 Qb1+ 44. Kh2 Qb8+ 45. g3 Qe5 46. Re3 f6
47. Qe2 Bh5 48. Qc4 Rb8 49. Rc3 Rd8 50. Ra3 Qb2 51. Ra2 Qe5 52. Kg2 Bg6 53. f4
Qe7 54. Kf3 Rf8 55. Ra6 Kh7 56. Qd4 Rd8 57. Ra7 Qf8 58. g4 Bf7 59. Qc4 Bxd5 60.
exd5 Qd6 61. Ra5 Qb6 62. Rc5 Qb1 63. Qe4+ Qxe4+ 64. Kxe4 Re8+ 65. Kf5 Re3 66.
h4 Re7 67. d6 Re8 68. d7 Rd8 69. Ke6 1-0

[Event "Ontario Closed"]
[Site "Toronto CAN"]
[Date "2023.07.01"]
[Round "2.13"]
[White "Khamidov, Bek"]
[Black "Yang, Larry"]
[Result "0-1"]
[WhiteElo "1085"]
[BlackElo "1955"]
[PlyCount "96"]
[EventDate "2023.06.30"]
[EventType "swiss"]
[EventRounds "7"]
[EventCountry "CAN"]

1. e4 e5 2. Nf3 Nc6 3. Bc4 Bc5 4. d3 Nf6 5. Be3 Bb6 6. Nc3 d6 7. a3 h6 8. Nd5
Nxd5 9. Bxd5 Ne7 10. Ba2 O-O 11. Qd2 Bxe3 12. fxe3 Kh8 13. h3 f5 14. exf5 Nxf5
15. O-O-O Ng3 16. Rh2 e4 17. Qf2 Qg5 18. dxe4 Qg6 19. Nh4 Rxf2 20. Nxg6+ Kh7
21. Nf4 Nf1 22. Nd3 Rf6 23. Rh1 Nxe3 24. Rd2 Nf1 25. Rf2 Rxf2 26. Nxf2 Ng3 27.
Re1 Bd7 28. Re3 Nh5 29. e5 dxe5 30. Rxe5 Nf6 31. Ne4 Nxe4 32. Rxe4 Bc6 33. Re2
Rd8 34. Be6 Kg6 35. g4 Re8 36. Bf5+ Kg5 37. Rxe8 Bxe8 38. Kd2 Kh4 39. Ke3 Bc6
40. Kf4 g5+ 41. Ke5 Kxh3 42. Kf6 Bf3 43. Kg6 Bxg4 44. Bxg4+ Kxg4 45. Kxh6 Kh4
46. Kg6 g4 47. Kf5 g3 48. Kf4 g2 0-1

[Event "Ontario Closed"]
[Site "Toronto CAN"]
[Date "2023.07.01"]
[Round "2.14"]
[White "Pollitt, Henry"]
[Black "Xu, Philip"]
[Result "0-1"]
[WhiteElo "1233"]
[BlackElo "1890"]
[PlyCount "98"]
[EventDate "2023.06.30"]
[EventType "swiss"]
[EventRounds "7"]
[EventCountry "CAN"]

1. e4 d6 2. d4 Nf6 3. Nc3 e5 4. dxe5 dxe5 5. Qxd8+ Kxd8 6. Bg5 Be6 7. Nf3 Nbd7
8. O-O-O Bd6 9. Nb5 Ke7 10. Nxd6 cxd6 11. Bd3 h6 12. Bxf6+ Nxf6 13. Nh4 g6 14.
g3 Nd7 15. h3 Rhg8 16. Ng2 g5 17. Ne3 Rac8 18. g4 Nc5 19. Nf5+ Bxf5 20. gxf5 h5
21. Kd2 g4 22. Rdg1 Rcd8 23. c4 b5 24. Ke3 Nxd3 25. Kxd3 bxc4+ 26. Kxc4 Rc8+
27. Kd3 Rb8 28. b3 Rb4 29. hxg4 hxg4 30. f3 d5 31. Rxg4 Rxg4 32. fxg4 Rxe4 33.
Rc1 Kd6 34. Rg1 Rf4 35. Ke3 d4+ 36. Ke2 Kd5 37. g5 Rxf5 38. g6 fxg6 39. Rxg6
Rf7 40. Rg8 Ke4 41. Rg4+ Rf4 42. Rg7 d3+ 43. Ke1 Ke3 44. Rg1 e4 45. Kd1 Rf2 46.
Rg3+ Rf3 47. Rg1 d2 48. Kc2 Ke2 49. Rg2+ Rf2 0-1

[Event "Ontario Closed"]
[Site "Toronto CAN"]
[Date "2023.07.01"]
[Round "2.15"]
[White "Narula, Japveer"]
[Black "Zheng, Chen Ji"]
[Result "1/2-1/2"]
[WhiteElo "1279"]
[BlackElo "1997"]
[PlyCount "101"]
[EventDate "2023.06.30"]
[EventType "swiss"]
[EventRounds "7"]
[EventCountry "CAN"]

1. e4 c5 2. Nf3 Nc6 3. d4 cxd4 4. Nxd4 g6 5. Nc3 Bg7 6. Be3 Nf6 7. f3 O-O 8.
Qd2 d5 9. Nxc6 bxc6 10. e5 Nd7 11. f4 e6 12. h3 a5 13. g4 Ba6 14. Bxa6 Rxa6 15.
Na4 Qb8 16. c3 Qb5 17. b3 c5 18. h4 Rc8 19. g5 c4 20. Rb1 cxb3 21. axb3 Rc7 22.
h5 Rac6 23. Qd1 Bf8 24. Rb2 Nc5 25. Bxc5 Bxc5 26. Nxc5 Rxc5 27. c4 Qb4+ 28. Qd2
dxc4 29. bxc4 Qxd2+ 30. Rxd2 gxh5 31. Rxh5 Rxc4 32. Rdh2 Rxf4 33. Rxh7 Rg4 34.
g6 Kf8 35. Rh8+ Kg7 36. gxf7 Kxf7 37. R2h7+ Rg7 38. Rh6 Ra7 39. Rf6+ Ke7 40.
Rhh6 Ra6 41. Rf3 a4 42. Ra3 Rg5 43. Rh7+ Kf8 44. Rc3 Ra8 45. Rh8+ Rg8 46. Rf3+
Ke7 47. Rh7+ Kd8 48. Rd3+ Kc8 49. Rc3+ Kb8 50. Rcc7 a3 51. Rb7+ 1/2-1/2

[Event "Ontario Closed"]
[Site "Toronto CAN"]
[Date "2023.07.01"]
[Round "2.16"]
[White "Zhong, Ryan Yunhui"]
[Black "Murali, Dhruv"]
[Result "1-0"]
[WhiteElo "1972"]
[BlackElo "1635"]
[PlyCount "209"]
[EventDate "2023.06.30"]
[EventType "swiss"]
[EventRounds "7"]
[EventCountry "CAN"]

1. e4 g6 2. d4 Bg7 3. Nf3 d6 4. Bc4 Nc6 5. O-O Bg4 6. Bxf7+ Kxf7 7. Ng5+ Ke8 8.
Qxg4 Qc8 9. Qf3 Nf6 10. c3 h6 11. Nh3 g5 12. Qd3 e5 13. d5 g4 14. dxc6 gxh3 15.
cxb7 Qxb7 16. Qxh3 Qxe4 17. Na3 a6 18. f4 Ke7 19. Bd2 Qe2 20. Rf2 Qg4 21. fxe5
dxe5 22. Qe3 Ne4 23. Re2 Nxd2 24. Qc5+ Ke6 25. Qc6+ Kf7 26. Rxd2 Rhf8 27. h3
Qg5 28. Qc4+ Kg6 29. Rad1 Kh7 30. Qxc7 Rf5 31. Qc6 Raf8 32. Qxa6 e4 33. Re2 Qg3
34. Qa7 R8f7 35. Qe3 Rf3 36. Qxe4+ Kh8 37. Rd8+ Bf8 38. Qe5+ Qxe5 39. Rxe5 Rf1+
40. Kh2 R7f2 41. Nc4 Kg7 42. Ne3 Rb1 43. Rd7+ Kg8 44. Ng4 Rff1 45. b4 Rbc1 46.
Re3 h5 47. b5 h4 48. Nf2 Rxf2 49. Re4 Rxc3 50. Rg4+ Kh8 51. Rxh4+ Kg8 52. Rg4+
Kh8 53. a4 Rf6 54. Rgd4 Bc5 55. R4d5 Bb6 56. Rd3 Rc4 57. Rf3 Rxf3 58. gxf3 Rxa4
59. Kg3 Be3 60. Rd3 Bf4+ 61. Kg4 Rb4 62. Rd5 Kg7 63. Kf5 Bg3 64. Ke6 Bb8 65.
Kd7 Rh4 66. Kc8 Bh2 67. Rd1 Rxh3 68. Rh1 Rh8+ 69. Kd7 Kf8 70. b6 Rh7+ 71. Kc6
Rh6+ 72. Kb5 Rh5+ 73. Kc4 Rh4+ 74. Kd3 Rh3 75. Ke2 Rh6 76. b7 Re6+ 77. Kf2 Be5
78. b8=Q+ Bxb8 79. Rh8+ Kf7 80. Rxb8 Re5 81. Kg3 Rg5+ 82. Kf4 Rc5 83. Rb6 Rc4+
84. Kg5 Rc5+ 85. Kg4 Rc4+ 86. f4 Rc5 87. f5 Rc8 88. Kg5 Rc7 89. Rh6 Kg8 90. Re6
Rg7+ 91. Kf4 Kf7 92. Ra6 Ke8 93. Ra8+ Kf7 94. Ke5 Rg1 95. Ra7+ Ke8 96. Kf6 Rg2
97. Ra8+ Kd7 98. Kf7 Rg1 99. f6 Rg2 100. Rg8 Rf2 101. Rg6 Rf1 102. Kf8 Ke6 103.
f7+ Kd7 104. Rg4 Ke6 105. Re4+ 1-0

[Event "Ontario Closed"]
[Site "Toronto CAN"]
[Date "2023.07.01"]
[Round "2.17"]
[White "Lakhani, Riyaan"]
[Black "Sheth, Rudra"]
[Result "1-0"]
[WhiteElo "1872"]
[BlackElo "1444"]
[PlyCount "49"]
[EventDate "2023.06.30"]
[EventType "swiss"]
[EventRounds "7"]
[EventCountry "CAN"]

1. d4 d5 2. c4 e6 3. Nf3 a6 4. g3 dxc4 5. Bg2 b5 6. Ne5 c6 7. O-O Bb7 8. e4 Nf6
9. Re1 Nbd7 10. Bf4 Bb4 11. Nc3 O-O 12. Rc1 Nb6 13. b3 cxb3 14. Qxb3 Qe7 15.
Nd3 Ba5 16. Nc5 h6 17. Bf1 Rfd8 18. Qa3 Bxc3 19. Qxc3 g5 20. Bd2 Ra7 21. f4
gxf4 22. Bxf4 Kh7 23. Bd3 Kh8 24. Rf1 Kg8 25. Bxh6 1-0

[Event "Ontario Closed"]
[Site "Toronto CAN"]
[Date "2023.07.01"]
[Round "2.18"]
[White "Chen, Larry"]
[Black "Lu, Eddie"]
[Result "0-1"]
[WhiteElo "1174"]
[BlackElo "1863"]
[PlyCount "62"]
[EventDate "2023.06.30"]
[EventType "swiss"]
[EventRounds "7"]
[EventCountry "CAN"]

1. Nf3 g6 2. g3 Bg7 3. Bg2 b6 4. d4 Bb7 5. O-O Nf6 6. Nbd2 c5 7. dxc5 bxc5 8.
c4 O-O 9. Qc2 Nc6 10. a3 Ne8 11. Ne4 d6 12. Rd1 Qb6 13. Rb1 a5 14. Be3 Nc7 15.
Nc3 Rac8 16. Qd2 Qb3 17. Qd3 Qb6 18. Qd2 Ba6 19. b3 Ne6 20. Bh3 Rb8 21. Bxe6
fxe6 22. Bh6 Rxf3 23. exf3 Nd4 24. Qe3 Bxh6 25. Qxh6 Nxf3+ 26. Kf1 Qc6 27. Qe3
Ne5 28. a4 Rxb3 29. Rxb3 Bxc4+ 30. Kg1 Bxb3 31. Rd3 Bc4 0-1

[Event "Ontario Closed"]
[Site "Toronto CAN"]
[Date "2023.07.01"]
[Round "2.19"]
[White "Malakar, Saarthak"]
[Black "Bakradze, Joshua"]
[Result "1-0"]
[WhiteElo "1836"]
[BlackElo "1335"]
[PlyCount "53"]
[EventDate "2023.06.30"]
[EventType "swiss"]
[EventRounds "7"]
[EventCountry "CAN"]

1. d4 e6 2. Nf3 d5 3. g3 c5 4. Bg2 Nc6 5. c4 Nf6 6. cxd5 Nxd5 7. O-O Nxd4 8.
Nxd4 cxd4 9. Qxd4 Qb6 10. Qc4 Nf6 11. Be3 Qxb2 12. Nc3 Qb4 13. Qxb4 Bxb4 14.
Nb5 O-O 15. Nc7 Bd7 16. Nxa8 Rxa8 17. Rab1 a5 18. Bxb7 Rb8 19. Bg2 Rf8 20. Rfc1
Bb5 21. Bc5 Bxc5 22. Rxc5 Bxe2 23. Rxa5 Nd7 24. Ra8 Nc5 25. Rbb8 Nd7 26. Rxf8+
Nxf8 27. a4 1-0